Gyermeknyelvi korpuszok és erőforrások [előadáskivonat] /

Elmentve itt :
Bibliográfiai részletek
Szerző: Babarczy Anna
Testületi szerző: Beszéd- és nyelvelemző szoftverek a versenyképességért és az esélyegyenlőségért
Dokumentumtípus: Könyv része
Megjelent: 2018
Sorozat:Beszéd- és nyelvelemző szoftverek a versenyképességért és az esélyegyenlőségért
Kulcsszavak:Bölcsészettudomány - digitális - előadáskivonat, Szövegelemzés - nyelvészeti - számítógép alkalmazása - előadáskivonat, Nyelvészet - számítógép alkalmazása - előadáskivonat, Gyereknyelv - előadáskivonat
Tárgyszavak:
Online Access:http://acta.bibl.u-szeged.hu/72111
LEADER 01125naa a2200217 i 4500
001 acta72111
005 20230508154007.0
008 210301s2018 hu o 1|| hun d
020 |a 978-615-5455-92-6 
040 |a SZTE Egyetemi Kiadványok Repozitórium  |b hun 
041 |a hun 
100 1 |a Babarczy Anna 
245 1 0 |a Gyermeknyelvi korpuszok és erőforrások   |h [elektronikus dokumentum] :  |b [előadáskivonat] /  |c  Babarczy Anna 
260 |c 2018 
300 |a 9 
490 0 |a Beszéd- és nyelvelemző szoftverek a versenyképességért és az esélyegyenlőségért 
650 4 |a Bölcsészettudományok 
650 4 |a Nyelvek és irodalom 
695 |a Bölcsészettudomány - digitális - előadáskivonat, Szövegelemzés - nyelvészeti - számítógép alkalmazása - előadáskivonat, Nyelvészet - számítógép alkalmazása - előadáskivonat, Gyereknyelv - előadáskivonat 
711 |a Beszéd- és nyelvelemző szoftverek a versenyképességért és az esélyegyenlőségért  |c Szeged  |d 2018 
856 4 0 |u http://acta.bibl.u-szeged.hu/72111/1/beszed_es_nyelvelemzo_szoftverek_osszefoglalok_2018_009.pdf  |z Dokumentum-elérés